Strategic management for travel and tourism
Αποθηκεύτηκε σε:
| Κύριος συγγραφέας: | |
|---|---|
| Άλλοι συγγραφείς: | , |
| Μορφή: | Βιβλίο |
| Γλώσσα: | English |
| Δημοσίευση: |
London :
Routledge,
2011
|
| Θέματα: | |
| Ετικέτες: |
Προσθήκη ετικέτας
Δεν υπάρχουν, Καταχωρήστε ετικέτα πρώτοι!
|
MARC
| LEADER | 00000nam a2200000 i 4500 | ||
|---|---|---|---|
| 001 | 1/25145 | ||
| 008 | 130128s2003 eng d | ||
| 020 | |a 978-0-7506-4854-7 (pbk.) | ||
| 035 | |l 10113591 | ||
| 040 | |a GR-MY-UA |b gre |e aacr | ||
| 041 | 0 | |a eng | |
| 082 | 0 | |a 338.4791068 |2 (22) | |
| 100 | 1 | |a Evans, Nigel. | |
| 245 | 1 | 0 | |a Strategic management for travel and tourism / |c Nigel Evans, David Campbell, George Stonehouse |
| 260 | |a London : |b Routledge, |c 2011 | ||
| 300 | |a viii, 412 σ.; |b διαγρ., πίν.; |c 25 εκ. | ||
| 504 | |a Περιέχει βιβλιογραφικές αναφορές και ευρετήριο | ||
| 650 | 0 | 0 | |a Tourism |x Management. |
| 700 | 1 | |a Campbell, David. | |
| 700 | 1 | |a Stonehouse, George. | |
| 852 | |a INST |b CHIOS |e 20130128 |h 338.4791068 EVA |p 005200035544 |q 005200035544 |t BK |y 0 | ||
| 901 | |a BIBL2-2013-1 | ||
| 909 | |a Χ |b 177753 | ||
| 922 | |a 2ΕΛΗ |b 201210 |c ΤΑΚ/ΤΔΕ |d ΙΩΑΝΝΙΔΟΥ | ||
| 970 | |a ΣΠΕΝΤΖΑ |b ΕΛΕΝΗ |z 2013/01/28 | ||